Máximos Goleadores de la Historia del Real Sporting de Gijón - Estadísticas

Estadísticas generales
  • Esta prueba ha sido intentada 10 veces
  • La puntuación promedio es 5 de 20
Estadísticas de respuestas
Nacionalidad Goles Jugadores % Correcto
España 178 Quini
100%
España 41 David Villa
71%
España 55 David Barral
57%
Croacia 59 Bilic
43%
Colombia 39 Juan Otero
43%
Rusia 51 Cheryshev
29%
Serbia 66 Djurdjevic
29%
Rusia 48 Ledyakhov
29%
España 50 Abel
14%
España 43 Carlos Carmona
14%
España 40 Diego Castro
14%
Argentina 68 Enzo Ferrero
14%
España 41 Manolo Mesa
14%
España 44 Eloy Olaya
0%
España 40 Francisco Sánchez
0%
España 38 Ignacio Churruca
0%
España 74 Joaquín
0%
España 52 José Ortiz
0%
España 28 Julio Salinas
0%
España 48 Pio
0%
No se encontraron pruebas coincidentes
Distribución de puntuación
Porcentaje de gente con cada puntuación
Porcentaje por número respondido
Historial de tus puntuaciones
No has intentado esta prueba.